Retailing : (Record no. 18028)
[ view plain ]
| 000 -LEADER | |
|---|---|
| fixed length control field | 00937 am a2200277ua 4500 |
| 001 - CONTROL NUMBER | |
| control field | 011972002 |
| 005 - DATE AND TIME OF LATEST TRANSACTION | |
| control field | 20201124142929.0 |
| 008 - FIXED-LENGTH DATA ELEMENTS--GENERAL INFORMATION | |
| fixed length control field | 830926t1982 xxua grbd 001 0 eng d |
| 020 ## - INTERNATIONAL STANDARD BOOK NUMBER | |
| International Standard Book Number | 067509920X |
| 040 ## - CATALOGING SOURCE | |
| Original cataloging agency | Uk |
| Transcribing agency | Uk |
| 082 04 - DEWEY DECIMAL CLASSIFICATION NUMBER | |
| Classification number | 658.87 |
| Edition number | 22 |
| Item number | LEW |
| 100 1# - MAIN ENTRY--PERSONAL NAME | |
| Personal name | Lewison, Dale M. |
| 9 (RLIN) | 35071 |
| 245 10 - TITLE STATEMENT | |
| Title | Retailing : |
| Remainder of title | principles & practices / |
| Statement of responsibility, etc | Dale M. Lewison, M. Wayne DeLozier. |
| 246 33 - VARYING FORM OF TITLE | |
| Title proper/short title | Retailing : |
| Remainder of title | principles and practices |
| 260 ## - PUBLICATION, DISTRIBUTION, ETC. (IMPRINT) | |
| Place of publication, distribution, etc | Columbus, United States : |
| Name of publisher, distributor, etc | Charles E. Merrill Publishing Company : |
| -- | A Bell & Howell Company, |
| Date of publication, distribution, etc | c.1982. |
| 300 ## - PHYSICAL DESCRIPTION | |
| Extent | xiv, 546 p. : |
| Other physical details | ill ; |
| Dimensions | 27 cm. |
| 500 ## - GENERAL NOTE | |
| General note | Includes appendix. |
| 500 ## - GENERAL NOTE | |
| General note | Includes glossary. |
| 500 ## - GENERAL NOTE | |
| General note | Includes indexes. |
| 504 ## - BIBLIOGRAPHY, ETC. NOTE | |
| Bibliography, etc | Includes bibliographies. |
| 653 ## - INDEX TERM--UNCONTROLLED | |
| Resource For college | BAEPS, Business Administration |
| Arrived date list | February2014 |
| 655 ## - INDEX TERM--GENRE/FORM | |
| Form subdivision | |
| -- | 34232 |
| 690 7# - LOCAL SUBJECT ADDED ENTRY--TOPICAL TERM (OCLC, RLIN) | |
| Topical term or geographic name as entry element | Management and Business Studies |
| Source of heading or term | blcoll |
| 700 1# - ADDED ENTRY--PERSONAL NAME | |
| Personal name | DeLozier, M. Wayne |
| 9 (RLIN) | 35072 |
| 942 ## - ADDED ENTRY ELEMENTS (KOHA) | |
| Source of classification or shelving scheme | Dewey Decimal Classification |
| Call number prefix | 658.87 LEW |
| Withdrawn status | Item status | Source of classification or shelving scheme | Damaged status | Not for loan | Vendor | Home library | Current library | Shelving location | Date acquired | Source of acquisition | Total Checkouts | Total Renewals | Full call number | Barcode | Date last seen | Date last borrowed | Koha item type |
|---|---|---|---|---|---|---|---|---|---|---|---|---|---|---|---|---|---|
| Dewey Decimal Classification | Donation-Gift | Central Library | Central Library | First floor | 04/02/2014 | Donation | 6 | 5 | 658.87 LEW | 000035582 | 15/07/2025 | 11/12/2017 | Book - Borrowing |